| 000 | 00488nam a2200181Ia 4500 | ||
|---|---|---|---|
| 008 | 240925s9999 xx 000 0 und d | ||
| 020 | _a9780470454985 | ||
| 082 | _a378.194 SCH | ||
| 100 | _aSchuh, John H. | ||
| 245 | 0 | _aStudent Services: A Handbook for the Profession | |
| 250 | _a5th | ||
| 260 |
_aUnited States: _bJohn Wiley & sons _c,2011. |
||
| 300 |
_a120p. _b0 _fOriginal |
||
| 500 | _aIncludes Index | ||
| 600 | _aSocial Sciences | ||
| 650 | _aSocial Sciences | ||
| 942 | _cBK | ||
| 999 |
_c14258 _d14258 |
||